000 01422cam a22003854i 4500
003 PE-LiUPU
005 20250731183359.0
008 150623s r 000 0 d
020 _a0856685100
035 _a(Sirsi) i9780856685101
040 _aPE-LiUPU
_bspa
_cPE-LiUPU
_erda
049 _aPRUA
082 0 4 _a758.362
_bO81m
_223
100 1 _aOsborn, Dale J.,
_eautor.
245 1 4 _aThe mammals of Ancient Egypt /
_cDale J. Osborn con Jana Osbornová
264 1 _aWarminster, Wiltshire :
_bAris and Phillips,
_c1998.
300 _a213 páginas :
_bilustraciones, gráficos, fotos ;
_c30 centímetros
336 _atext
_2rdacontent
337 _aunmediated
_2rdamedia
338 _avolume
_2rdacarrier
490 0 _aThe Natural History of Egypt ;
_v4
504 _aIncluye bibliografía.
505 0 _aIntroduction. -Insectivores. -Bats. -Primates. -Lagomorphs. -Rodents. -Carnivores. -Aardvark. -Pangolins. -Elephants. -Hyraxes. -Odd-toed ungulates. -Even-toed ungulates. -Dolphins.
526 _aP158
526 _aP146
526 _aP17
526 _aP12
526 _aP06
650 0 4 _aMamíferos
_zAntiguo Egipto.
700 1 _aOsbornová, Jana,
_eautor.
942 _2ddc
_cBK
_n0
949 _a758.3 O76
_wDEWEY
_c1
_i45621
_lCCODEBUL1
_mBUL
_r0
_sY
_tBOOK
_u2015-6-24
_xTEOLOGIA
_0COMPRA
_o.STAFF. Colección General
999 _c22492
_d22492
980 _81
_gALBERTO SANCHEZ Responsable de Automatización